ბათუმის შოთა რუსთაველის სახელმწიფო უნივერსიტეტის ბიბლიოთეკა

თეთრი მგელი (ბიბ.ჩანაწერი № 42928)

000 -LEADER
fixed length control field 00859nam a2200229Ia 4500
001 - CONTROL NUMBER
control field 9644
003 - CONTROL NUMBER IDENTIFIER
control field GE_BSU
008 - FIXED-LENGTH DATA ELEMENTS--GENERAL INFORMATION
fixed length control field 181216s||||||||xx |||||||||||||| ||und||
040 ## - CATALOGING SOURCE
Transcribing agency GE_BSU
080 ## - UNIVERSAL DECIMAL CLASSIFICATION NUMBER
Universal Decimal Classification number 821.353.1–32
100 ## - MAIN ENTRY--PERSONAL NAME
Personal name მუჯირიშვილი,ბეგლარ
245 ## - TITLE STATEMENT
Title თეთრი მგელი
245 ## - TITLE STATEMENT
Remainder of title შნეიდერის ნაკვალევი.მოთხრობები
245 ## - TITLE STATEMENT
Statement of responsibility, etc. რედ.თ.დაუშვილი მხატვ. ჯ.ყავლაშვილი
260 ## - PUBLICATION, DISTRIBUTION, ETC.
Place of publication, distribution, etc. თბილისი
260 ## - PUBLICATION, DISTRIBUTION, ETC.
Name of publisher, distributor, etc. საბჭოთა საქართველო
260 ## - PUBLICATION, DISTRIBUTION, ETC.
Date of publication, distribution, etc. 1976
300 ## - PHYSICAL DESCRIPTION
Extent 167გვ.19სმ.
653 ## - INDEX TERM--UNCONTROLLED
Uncontrolled term თეთრი მგელი
653 ## - INDEX TERM--UNCONTROLLED
Uncontrolled term შნეიდერის ნაკვალევი.მოთხრობები
942 ## - ADDED ENTRY ELEMENTS (KOHA)
Koha item type წიგნი
ეგზემპლარები
Withdrawn status Lost status Damaged status Not for loan Date acquired Barcode Date last seen Price effective from Koha item type
        2018-12-17 32642 2018-12-17 2018-12-17 წიგნი